[Event "Rio Grande Centennial op"]
[Site "Rio Grande"]
[Date "2021.10.01"]
[Round "5"]
[White "Spata, German"]
[Black "Cicciari, Teo Dante"]
[Result "1-0"]
[WhiteElo "2290"]
[BlackElo "1930"]
[PlyCount "49"]
[EventDate "2021.09.29"]
[EventType "swiss"]
[EventRounds "9"]
[EventCountry "ARG"]
[SourceTitle "EXT 2022"]
[Source "ChessBase"]
[SourceDate "2021.10.06"]
[SourceVersion "1"]
[SourceVersionDate "2021.10.06"]
[SourceQuality "1"]

1. c4 e6 2. d4 Nf6 3. Nf3 d5 4. g3 c5 5. cxd5 exd5 6. Bg2 Nc6 7. 0-0 Be7 8. Nc3 0-0 9. Bg5 Be6 10. Rc1 c4 11. Ne5 h6 12. Bxf6 Bxf6 13. Nxc6 bxc6 14. b3 cxb3 15. axb3 Qb6 16. e3 Rab8 17. Na4 Qxb3 18. Qxb3 Rxb3 19. Rxc6 Bd7 20. Rxf6 Bxa4 21. Rd6 Bb5 22. Ra1 a6 23. Rxd5 Rc8 24. Rf5 g6 25. Rxf7 1-0

[Event "Rio Grande Centennial op"]
[Site "Rio Grande"]
[Date "2021.09.30"]
[Round "3"]
[White "Cicciari, Teo Dante"]
[Black "Miranda, Rafael"]
[Result "1/2-1/2"]
[WhiteElo "1930"]
[BlackElo "2284"]
[PlyCount "52"]
[EventDate "2021.09.29"]
[EventType "swiss"]
[EventRounds "9"]
[EventCountry "ARG"]
[SourceTitle "EXT 2022"]
[Source "ChessBase"]
[SourceDate "2021.10.06"]
[SourceVersion "1"]
[SourceVersionDate "2021.10.06"]
[SourceQuality "1"]

1. e4 c5 2. c3 d5 3. exd5 Qxd5 4. Nf3 g6 5. Na3 Bg7 6. Be2 Nf6 7. 0-0 0-0 8. d4 cxd4 9. Nb5 Na6 10. Nfxd4 e5 11. Nb3 Bd7 12. Qxd5 Nxd5 13. Rd1 Bc6 14. Nd6 Rfd8 15. Nc4 b5 16. Nca5 Be8 17. Nb7 Rdb8 18. Nd6 Nac7 19. Bf3 Bc6 20. Na5 Rb6 21. Nxc6 Rxc6 22. Nxb5 Nxb5 23. Bxd5 Rd6 24. Bg5 Rb8 25. a4 Nd4 26. cxd4 Rxd5 1/2-1/2

[Event "Cordoba IRT 1st"]
[Site "Cordoba"]
[Date "2018.08.20"]
[Round "3.1"]
[White "Cicciari, Teo Dante"]
[Black "Trucco, Fabio"]
[Result "1/2-1/2"]
[WhiteElo "1942"]
[BlackElo "2149"]
[PlyCount "34"]
[EventDate "2018.08.19"]
[EventType "swiss"]
[EventRounds "5"]
[EventCountry "ARG"]
[SourceTitle "EXT 2024"]
[Source "ChessBase"]
[SourceDate "2023.10.10"]
[SourceVersion "1"]
[SourceVersionDate "2023.10.10"]
[SourceQuality "1"]

1. d4 Nf6 2. c4 e6 3. Nf3 Bb4+ 4. Bd2 Qe7 5. g3 Bxd2+ 6. Nbxd2 Nc6 7. Bg2 d6 8. 0-0 0-0 9. e3 a5 10. Qe2 e5 11. d5 Nb4 12. a3 Na6 13. b3 e4 14. Ng5 Bg4 15. Qe1 Nxd5 16. Qb1 Bf5 17. Nh3 c6 1/2-1/2

[Event "Cordoba IRT 1st"]
[Site "Cordoba"]
[Date "2018.08.19"]
[Round "2.2"]
[White "Barrionuevo, Alfredo C"]
[Black "Cicciari, Teo Dante"]
[Result "0-1"]
[WhiteElo "2068"]
[BlackElo "1942"]
[PlyCount "64"]
[EventDate "2018.08.19"]
[EventType "swiss"]
[EventRounds "5"]
[EventCountry "ARG"]
[SourceTitle "EXT 2024"]
[Source "ChessBase"]
[SourceDate "2023.10.10"]
[SourceVersion "1"]
[SourceVersionDate "2023.10.10"]
[SourceQuality "1"]

1. Nf3 Nf6 2. c4 e6 3. g3 d5 4. Bg2 Be7 5. 0-0 0-0 6. b3 c6 7. Bb2 Nbd7 8. a4 b6 9. Na3 Bb7 10. Qb1 Re8 11. Rc1 Nc5 12. Ng5 d4 13. Qa2 d3 14. b4 Nxa4 15. b5 Qd7 16. c5 Bxc5 17. Nc4 Nxb2 18. Qxb2 cxb5 19. Ne5 Bd4 20. Nxd7 Bxb2 21. Bxb7 Nxd7 22. exd3 Rad8 23. Ne4 Nc5 24. Nxc5 bxc5 25. Rab1 Bxc1 26. Rxc1 Rb8 27. Bf3 b4 28. Bd1 b3 29. Rb1 b2 30. Kf1 a5 31. Ke2 Rb5 32. d4 c4 0-1

[Event "ARG-ch sf U2300 Grau Memorial"]
[Site "Jesus Maria"]
[Date "2018.03.31"]
[Round "4.2"]
[White "Grosso, Rinaldo"]
[Black "Cicciari, Teo Dante"]
[Result "0-1"]
[WhiteElo "1716"]
[BlackElo "1964"]
[PlyCount "54"]
[EventDate "2018.03.30"]
[EventType "swiss"]
[EventRounds "6"]
[EventCountry "ARG"]
[SourceTitle "EXT 2024"]
[Source "ChessBase"]
[SourceDate "2023.10.10"]
[SourceVersion "1"]
[SourceVersionDate "2023.10.10"]
[SourceQuality "1"]

1. e4 c5 2. Nf3 Nc6 3. d4 cxd4 4. Nxd4 e6 5. Be3 Qc7 6. Be2 a6 7. a4 Nf6 8. Nxc6 bxc6 9. Nd2 Rb8 10. b3 d5 11. 0-0 Be7 12. f3 e5 13. c3 a5 14. Qc2 Bd6 15. Rfd1 0-0 16. Bf2 Nh5 17. Bd3 Nf4 18. exd5 cxd5 19. Bxh7+ Kh8 20. Bd3 f5 21. Bf1 Bc5 22. Bxc5 Qxc5+ 23. Kh1 Qf2 24. g3 Rf6 25. gxf4 Rh6 26. Bg2 Rxh2+ 27. Kxh2 Rb6 0-1

[Event "ARG-ch sf U2300 Grau Memorial"]
[Site "Jesus Maria"]
[Date "2018.03.30"]
[Round "2.2"]
[White "Piana, Claudio"]
[Black "Cicciari, Teo Dante"]
[Result "0-1"]
[WhiteElo "1601"]
[BlackElo "1964"]
[PlyCount "74"]
[EventDate "2018.03.30"]
[EventType "swiss"]
[EventRounds "6"]
[EventCountry "ARG"]
[SourceTitle "EXT 2024"]
[Source "ChessBase"]
[SourceDate "2023.10.10"]
[SourceVersion "1"]
[SourceVersionDate "2023.10.10"]
[SourceQuality "1"]

1. d4 Nf6 2. c4 e6 3. g3 d5 4. Bg2 c6 5. Nf3 Nbd7 6. 0-0 b6 7. Qc2 Ba6 8. Nbd2 Rc8 9. Re1 dxc4 10. Nxc4 c5 11. b3 b5 12. Nce5 cxd4 13. Qd3 Nxe5 14. Nxe5 Qb6 15. Bb2 Bc5 16. Rad1 Rd8 17. g4 Bb7 18. g5 Bxg2 19. Kxg2 Nd5 20. Qe4 Ne7 21. Rd3 0-0 22. Rh3 Nf5 23. f4 Qd6 24. Nf3 Qd5 25. Qd3 Ne3+ 26. Kf2 Qf5 27. Qxf5 Nxf5 28. Ne5 Bb6 29. Nd3 a5 30. Rf3 Rc8 31. Rc1 Rxc1 32. Nxc1 Rc8 33. Nd3 Rc2 34. Ke1 Ne3 35. h4 a4 36. bxa4 Ba5+ 37. Kf2 Nd1+ 0-1

[Event "Chubut Province-ch"]
[Site "Chubut"]
[Date "2015.11.27"]
[Round "2"]
[White "Cicciari, Teo Dante"]
[Black "Rivas, Lucas"]
[Result "1/2-1/2"]
[WhiteElo "1920"]
[BlackElo "1996"]
[PlyCount "101"]
[EventDate "2015.11.26"]
[EventType "swiss"]
[EventRounds "7"]
[EventCountry "ARG"]
[SourceTitle "CBM 169 Extra"]
[Source "ChessBase"]
[SourceDate "2015.12.18"]
[SourceVersion "1"]
[SourceVersionDate "2015.12.18"]
[SourceQuality "1"]

1. Nf3 Nf6 2. g3 g6 3. Bg2 Bg7 4. d3 0-0 5. Nbd2 c5 6. 0-0 Nc6 7. Re1 d6 8. c3 Rb8 9. e4 e5 10. a4 a6 11. Nb3 Qe7 12. d4 Rd8 13. d5 Na7 14. a5 Nh5 15. Nfd2 Rf8 16. Bf3 Nb5 17. Bxh5 gxh5 18. Qxh5 f5 19. Nc4 fxe4 20. Nb6 Bf5 21. Bg5 Qc7 22. Nd2 Rf7 23. Nxe4 Rbf8 24. f4 Bg6 25. Qh4 Rf5 26. g4 Rxf4 27. Bxf4 Rxf4 28. Ng5 Qe7 29. Rf1 Bf6 30. Rxf4 Bxg5 31. Rf8+ Kxf8 32. Qf2+ Kg7 33. Rf1 Bf4 34. Qe2 Qg5 35. Nc4 Bf7 36. Qf3 Bg6 37. h3 Qh4 38. Ne3 Qg5 39. Ng2 Nc7 40. c4 Ne8 41. Nxf4 exf4 42. Qxf4 Qxf4 43. Rxf4 Nf6 44. Rf3 Bc2 45. Rc3 Ba4 46. Re3 Kf7 47. b3 Bd7 48. Kg2 Ng8 49. Kg3 Ne7 50. Rf3+ Kg7 51. Rf1 1/2-1/2

[Event "Chubut Province-ch"]
[Site "Chubut"]
[Date "2014.06.20"]
[Round "4"]
[White "Paolini, Claudio P"]
[Black "Cicciari, Teo Dante"]
[Result "1-0"]
[WhiteElo "1925"]
[BlackElo "1857"]
[PlyCount "85"]
[EventDate "2014.06.19"]
[EventType "swiss"]
[EventRounds "7"]
[EventCountry "ARG"]
[SourceTitle "CBM 161 Extra"]
[Source "ChessBase"]
[SourceDate "2014.08.29"]
[SourceVersion "1"]
[SourceVersionDate "2014.08.29"]
[SourceQuality "1"]

1. e4 c5 2. Nf3 Nc6 3. d4 cxd4 4. Nxd4 Nf6 5. Nxc6 bxc6 6. Bd3 e5 7. c4 Bc5 8. 0-0 Rb8 9. Nd2 d6 10. Qc2 Be6 11. Nf3 h6 12. h3 Nh7 13. Be3 Bxe3 14. fxe3 Ng5 15. Qd2 0-0 16. Nxg5 Qxg5 17. Rf3 Qd8 18. Qc3 Qc7 19. b3 Rfc8 20. Rc1 Rf8 21. c5 d5 22. exd5 Bxd5 23. e4 Be6 24. Bc4 Bxc4 25. Qxc4 Kh8 26. Rcf1 f6 27. Rd1 Rbd8 28. Rfd3 Rxd3 29. Qxd3 Qa5 30. Qd6 Rf7 31. Qd8+ Qxd8 32. Rxd8+ Kh7 33. Rc8 Rd7 34. Rxc6 Rd1+ 35. Kh2 Rd2 36. Ra6 Rd7 37. c6 Rc7 38. b4 Kg8 39. b5 Kf7 40. Ra3 Ke6 41. Rd3 g6 42. g4 a6 43. b6 1-0